000 00866cam a22001935a 4500
001 L157655
008 130220s1884 xxk f 000 0 eng d
035 _a(Sirsi) u157655
041 0 _aeng
100 1 _aRavenscroft, Edward
_d1816-1890
245 0 4 _aThe pinetum britannicum
_ba descriptive account of hardy coniferous trees cultivated in Great Britain
260 _aEdinburgh, London
_bW. Blackwood
_bEdward Ravenscroft
_c1884
300 _a3 v.
_bill. (some col.), map
_c58 cm,
500 _aPublished in 52 parts, 1863-1884. 1884 is the t.p. date. Parts 1-33 issued from the private press of Lawson and sons. Parts 34-52 published by Ravenscroft in London and by W. Blackwood & sons in Edinburgh. Cf. Preface, v. 1, p. [i].
583 _aCondition reviewed
_c20120620
_lcondition level
651 4 _aGreat Britain
_y1707-
690 _aRural
_96268
942 _n0
999 _c114902
_d114902